000 00992nam a22003257a 4500
001 1279
003 DO-SdBNP
005 20180214113040.0
007 1279
008 000512s 1999 sp | ||| ||spa
016 7 _2BPMSU
020 _a8481301639
040 _aBPMSU
_bspa
_cBPMSU
041 1 _aspa
092 _a813.52
_bS819p
100 1 _aSteinbeck, John,
_d1902-1968
240 1 4 _aThe pearl.
_lEspañol
245 1 3 _aLa perla /
_cJohn Steinbeck ; traducción de Horacio Vázquez Rial ; prólogo de Jesús Pardo
260 _aMadrid :
_bMilenium,
_c1999.
300 _a95 p.:
_c22 cm
490 1 _aMillenium. Las 100 joyas del milenio
_v44
650 _aNOVELA NORTEAMERICANA
650 _aLITERATURA NORTEAMERICANA
700 1 2 _aPardo, Jesús,
_epról.
700 1 2 _aVázquez Rial, Horacio,
_etr.
830 0 _aMillenium. Las 100 joyas del milenio ;
_v44
942 _2ddc
_cBK
945 _aInventariado, 2018/ YL
956 _aVMATEO
_210
_320151113
_6BPMSU
_800151
999 _c8708
_d8708